000 00452nam a22001697a 4500
003 CUTN
005 20240423163637.0
008 240423b |||||||| |||| 00| 0 eng d
041 _aEnglish
082 _223
_a530
_bELD
100 _a Elden, Arul Anne
245 _aMonte Carlo investigation of Ising-modelled single-walled nanotube/
_cA.Arul Anne Elden.
260 _aThiruvarur
_c2022.
300 _a88p :
690 _aPhysics
942 _2ddc
_cTDP
999 _c42915
_d42915